[Event "Luzern ol (Men)"]
[Site "Lucerne SUI"]
[Date "1982.11.08"]
[Round "9"]
[White "Andersson, Ulf"]
[Black "Gruenfeld, Yehuda"]
[Result "1-0"]
[WhiteElo "2585"]
[BlackElo "2330"]
[EventDate "1982.10.29"]
[PlyCount "67"]
[EventType "team"]
[EventRounds "14"]
[EventCountry "SUI"]
[Source "ChessBase"]
[SourceDate "1996.11.15"]
[WhiteTeam "Sweden"]
[BlackTeam "Israel"]
[WhiteTeamCountry "SWE"]
[BlackTeamCountry "ISR"]

1. Nf3 Nf6 2. c4 c5 3. g3 b6 4. Bg2 Bb7 5. O-O e6 6. Nc3 Be7 7. d4 cxd4 8.
 Qxd4 d6 9. Bg5 a6 10. Bxf6 Bxf6 11. Qf4 O-O {Jak jiz zmineno v partii 35 
(Andersson - Browne), cerny ma zde moznost dosahnout vice ci mene 
vyrovnanou pozici s 11...Bxf3. V hlavnim pokracovani, pozice se strelci 
opacnych barev take vznikaji. Zde vsak bily jezdec muze obsadit silnou 
centralni pozici na d4, po kterem Andersson miri do zajimave formace 
vznikajici po Qh1, b3, a4 a zdvojeni vezi na c nebo d sloupci.
Dale budouci postup pesce a nebo b na b5 je mozne, ktere umozni bilemu 
ziskat podporovane predsunute postaveni na c6. Co je neprijemne pro 
cerneho v tomto pokracovani je ze ma malou protihru a obecne musi hrat 
vyckavaci hru. Jako ilustraci k planu, modelove partie Andersson-Seirawan 
a Kasparov-Adams byly vlozeny ve zkracene forme. } 12. Rad1 ( 12. Rfd1 Be7
13. Ne4 Bxe4 14. Qxe4 Ra7 15. Nd4 Rc7 16. b3 Rc5 17. a4 Qc7 18. Qb1 Rc8 
19. Ra2 Bf8 20. e3 Qe7 21. Rc2 g6 22. Qa2 Qg5 23. h4 Qf6 24. b4 {Sledujice
svuj plan bily cili se svym jezdcem na post c6 a ziska pozici s vyhodou 
prostoru } 24. ... R5c7 25. b5 a5 {1-0(51) Andersson, Ulf (2635) - 
Seirawan, Yasser (2575) / Phillips&Drew (?), London ENG 1982} 26. Nc6 += 
Nd7 27. Rcd2 Nc5 {Toto je nevyhoda bileho planu - cerny jezdec ziska 
bezpecne pole na c5. Navzdory tomu ma bily lepsi pozici pro vyhodu 
prostoru a aktivnejsi figury. } 28. Qc2 Qg7 29. f4 {Doporuceny zpuseb 
pokracovani: BIly by rad otevrel pozici tahem e4-e5 aby vyvinul tlak. } 
29. ... Kh8 30. Bf3 Re8 31. Kg2 f5 32. e4 e5 33. fxe5 dxe5 34. Rd8 Rxd8 
35. Rxd8 fxe4 36. Bxe4 Qf6 37. Bd5 Kg7 ( 37. ... Rxc6 38. Rxf8+ Qxf8 39. 
bxc6 += ) 38. Re8 e4 39. Bxe4 Rf7 40. Qe2 Nxa4 41. Bf3 Rd7 42. Bg4 Rd6 43.
 Ne5 Nc5 44. Ra8 Rd8? ( 44. ... Qe7 {a cerny ma obranyschopnou pozici. } )
45. Ra7+ +/- Kg8 46. Bf3 Bg7 47. Bd5+ Rxd5 48. Ng4! +- D {Cerny asi 
prehledl tento mezitah. } 48. ... Qd8 49. cxd5 Qxd5+ 50. Kh2 Ne4 51. Re7 {
1-0 Adersson - Seirawan } ) ( 12. Rfd1 Be7 13. Ne4 Bxe4 14. Qxe4 Ra7 15. 
Nd4 Rc7 16. b3 Rc5 17. a4 Qc7 18. Qb1 Nd7 19. e3 Qc8 20. Ra2 Nf6 21. Rc2 
a5 22. Rdd2 Rd8 23. Nb5 g6 24. Qd1 Ne8 25. Bf3 Qd7 26. Rd3 Nc7 27. Rcd2 
Nxb5 28. axb5 Bf8 29. Bc6 Qe7 30. Rd4 Qf6 31. Kg2 h5 32. h3 Rc8 33. R2d3 
Rc7 34. Qf3 Rf5 35. Rf4 Rxf4 36. exf4 Ra7 37. Qe3 Qd8 38. c5 bxc5 39. Qxc5
Qb8 40. Qe3 a4 {1/2-1/2(45) Kasparov, Garry (2817) - Adams, Michael (2731)
/ ARM-ROW m (4), Moscow RUS 2004} ) 12. ... Be7 13. Ne4 {Toto nuti strelce
vymenit na e4, coz zajistuje malou ale trvalou vyhodu bilemu, jelikoz 
kontroluje pokusy o prulom ... b5 a d5 coz je obvykle v Jezkovi. } 13. ...
 Bxe4 14. Qxe4 Ra7 15. Nd4 Qc8 16. b3 Re8 17. Rd2 Rc7 18. e3 Bf8 D 19. Qb1
! {Bily pripravuje zdvojeni vezi na d sloupci a nyni ma dalsi pozicni 
hrozbu ve variante a4, Qa2, a5. Jestli cerny hraje... a5, potom to oslabi 
pole b5. } 19. ... Nd7 20. Rfd1 Nf6 21. a4 Rc5 22. Rc2 {Zde bily by rad 
hral Rdc1 a potom b4 a b5 ke zrizeni velmi silneho pole pro jezdce na c6. 
} 22. ... e5?! D {Tah trvale oslabuje pole d5, coz Andersson brilantne 
vyuzie v partii. V predchozi partii Andersson-Langeweg cerny se pokusil v 
tomto bodu postoupit 21.. d5 a take prisel : 25.cxd5 Nxd5 } ( 22. ... d5 
23. cxd5 Nxd5 D {Co musi bily hrat aby dosahl jasnou pozicni vyhodu? } 24.
 Bxd5! {Toto vynuti izolovaneho pesce na d5, ktery se dale ziska pomoci 
Ne2-f4. Soucasne se zbavi strelcu nestejnobarevnych. Zde bily musel vzit v
uvahu ze slabina bilych poli je nedulezita. } 24. ... exd5 25. Rcd2 g6?! (
25. ... Qb7 26. Ne2 Bd6 += ) 26. Ne2 Qg4 27. Nf4 Qf3 28. Qd3 b5 29. Nxd5 
+/- bxa4 30. Qxa6 Rxd5 ( 30. ... Rec8 31. Qxa4 ) 31. Rxd5 +- a3 32. Rd8 h5
33. Qa4 Re6 34. Qa8 Qxa8 35. Rxa8 Kg7 36. Rdd8 {1-0 v Andersson-Langeweg, 
Wijk an Zee 1981 } ) 23. Ne2 {Nyni bily hrozi dominovat sveho soupere na 
bilych polich s Nc3-d5. Tak cerny se pokousi zastavit toto tahem 23..b5 a 
zaklada sve rozhodnuti na ideji ze Nc3 neni mozne pro ztratu pesce. } 
23. ... b5 24. axb5 axb5 D {Vypada to jakoby bily prehledl neprijemnou 
vazbu na c-sloupci, nebo ne? } 25. Nc3!! {Obet pesce ziska bilemu velmi 
nebezpecneho volneho pesce na sloupci b a totalni kontrolu diagonaly 
h1-a8,, ktera zajisti masivni podporu volnemu pesci. } ( 25. Rdc1 bxc4 26.
 Rxc4 Qe6 = {by bylo jasne slabsi. } ) 25. ... bxc4 26. b4 Rc7 27. Nd5 
Nxd5 28. Bxd5 Qb8 {Ovsem, cerny muze prehodit na jinou obrannou moznost, 
napriklad: } ( 28. ... Qg4 29. b5 Rc5 30. b6 Rb8 31. b7 Be7 32. Ra2 Bd8 
33. Be4 Qd7 34. Bxh7+ Kh8 35. Bf5 Qc6 36. Qe4 Qxe4 37. Bxe4 Bc7 38. Ra8 
+/- ) ( 28. ... e4 29. b5 Rc5 30. b6 Qf5 31. Bxc4 Rb8 32. b7 h6 33. Ba6 
Qe6 34. Rxc5 dxc5 35. Qb5 +/- {V principu cerneho obranu je velmi tezke 
udrzet, jelikoz cerny strelec je mimo hru a b-pesec muze postoupit az na 
b6. A take cerneho tezke figury jsou odsouzeny k necinnosti. Bily Bd5 
dominuje pozici a bily ma vice nez pouze kompenzaci za pesce. } ) 29. b5 
Rc5 30. b6 Rec8 31. e4 g6 32. Qb4 R8c6 33. Rb1 Rc8 34. Qa4 ( 34. Qa4 c3 
35. b7 Rd8 36. Qb3 Rd7 37. Rxc3 +- ) 1-0

[Event "Milan"]
[Site "Milan ITA"]
[Date "1975.08.28"]
[Round "Pozicni obet kvality "]
[White "Karpov, Anatoly"]
[Black "Andersson, Ulf"]
[Result "0-1"]
[WhiteElo "2705"]
[BlackElo "2565"]
[EventDate "1975.08.20"]
[Annotator "ChessBase"]
[EventType "tourn"]
[EventRounds "11"]
[EventCountry "ITA"]
[EventCategory "14"]
[Source "ChessBase"]
[SourceDate "1999.07.01"]

1. e4 ( 1. d4 Nf6 2. c4 e6 3. Nc3 Bb4 4. e3 c5 5. Ne2 cxd4 6. exd4 O-O 7. 
a3 Be7 8. d5 exd5 9. cxd5 Re8 10. Be3 d6 11. h3 Nbd7 12. Ng3 Bf8 13. Be2 
Rxe3 {Take intuitivni obet. Pozicni idea je ziskat dlouhodobou kontrolu na
cernych polich , zvlastel pole e5} 14. fxe3 g6 15. O-O Qe7 16. Qd4 Bg7 17.
 Qf4 Ne8 18. Rac1 Be5 19. Qf2 Ndf6 20. Bd3 h5 21. Nge2 Nh7 22. Nf4 Nf8 23.
 Nb5 a6 24. Nd4 Bd7 25. Rc2 Bg7 26. Qg3 Rb8 27. Re2 Nf6 28. Nf3 Be8 29. e4
N6d7 30. Rc2 Ne5 31. Nxe5 Bxe5 32. Qf2 Nd7 33. b4 Qd8 34. Be2 Bg7 35. Nd3 
Ne5 36. Nxe5 Bxe5 37. Rfc1 Kg7 38. Rc7 Qg5 39. R1c2 h4 40. Bg4 Kh6 {
1/2-1/2(83) Kasparov, Garry (2625) - Andersson, Ulf (2610) / Moscow (6), 
Moscow RUS 1981} ) 1. ... c5 2. Nf3 e6 3. d4 cxd4 4. Nxd4 Nc6 5. Nb5 d6 6.
 c4 Nf6 7. N1c3 a6 8. Na3 Be7 9. Be2 O-O 10. O-O b6 11. Be3 Bb7 12. Rc1 
Re8 13. Qb3 ( 13. f3? d5! ) 13. ... Nd7 14. Rfd1 Rc8 ( 14. ... Nc5 15. Qc2
( 15. Bxc5? bxc5! 16. Qxb7? Na5! -+ ) 15. ... Qc7 ~ ) 15. Rd2 Qc7 16. Qd1 
{/\17.Nd5} ( 16. Nd5?! exd5 17. cxd5 Nc5 ) 16. ... Qb8 17. f3 Ba8 18. Qf1 
Nce5 19. Nab1 ( 19. Nc2 Qc7 20. b3 b5 ) 19. ... Nf6 20. Kh1 h6 21. Rdd1 
Bf8 22. Nd2 Rcd8 23. Qf2 Ned7 24. a3!? {/\b2-b4,Nb3} ( 24. Nf1! ) 24. ... 
d5!? 25. cxd5 exd5 26. exd5 Bd6 27. Nf1 ( 27. Nde4 Nxe4 28. Nxe4 Bxh2 29. 
g3 Rxe4! 30. fxe4 Bxg3 -/+ ) 27. ... Rxe3!? {Toto je obet kvality zalozena
pouze na dominaci na cernych polich. Cerny neziska materialni kompenzaci. 
Po nejlepsi odpoved 28.Nxe3, cerny ziska pesce h2 a tudiz otevre bileho 
krale utoku. To je nejlepsi prakticka sance cerneho. Je zajimave za 6 let 
pozdeji \Andersson obetoval kvalitu proti Kasparovovi - viz partie na 
zacatku. } ( 27. ... b5 28. Ba7! Qb7 29. Bd4 += ) 28. Nxe3! ( 28. Qxe3 Bf4
29. Qd4 Bxc1 30. Rxc1 b5! ( 30. ... Nc5 31. Bc4! +/- ) 31. Rd1 Nb6 32. Ne3
( 32. d6 Ne8! ) 32. ... Nbxd5 33. Ncxd5 Bxd5 34. Nf5 Re8 = 35. Nxh6+? gxh6
36. Qxf6 Rxe2 37. Rxd5?? Re1# ) ( ) 28. ... Bxh2 29. Nf1 ( 29. Nf5 Bf4 30.
 Ne7+! ( 30. Rc2 Qe5! -/+ ) 30. ... Kf8 31. Nc6 Bxc6 32. dxc6 Bxc1 ( 
32. ... Qe5!? {/\Bg3-+} 33. Qh4 ~ ) 33. Rxc1 Nc5 34. b4 Ne6 35. Bxa6 â†‘ )
29. ... Bf4 30. Rc2 D b5! {Toto dela prostor pro jezdce, po cemz cerny 
tlaci na volneho pesce d5. } 31. Bd3 Nb6 32. Be4?! Nc4 {Cerny by mohl 
vymenit na d5, ale to by zjednodusilo pozici k vyhode bileho: } ( 32. ... 
Nbxd5 33. Nxd5 Bxd5 34. Bxd5 Rxd5 35. Rxd5 Nxd5 36. Qd4 += {Misto toho 
hleda takticke komplikace. } ) 33. a4?! Re8 34. axb5 axb5 35. Re2 Be5 {se 
zamerem /\Nxb2 a ... Nh5} 36. Qc5 Nd6 {Toto spolehlive blokuje volneho 
pesce a chrani b5. Cerne figury obsadily klicova pole a bileho vyhoda 
kvality je stezi citit. } 37. Na2?! {Prani Karpova privest jezdce pres b4 
na c6 je pochopitelne. Ale prehlizi dalsi preskupeni ktere dava cernemu 
vybornou hru. 37.Bb1 Rc8 by vedlo k nejasne hre. } ( 37. Bb1 Rc8 =+ ) 
37. ... Ndxe4 38. fxe4 D {Jake silne preskupeni muze cerny nyni 
podniknout? } 38. ... Bd6! 39. Qc2 Re5! {To je pointa! Vez prijde do utoku
velmi nebezpecnym zpusobem pres 5. radu. Jelikoz volni pesci jsou uplne 
blokovani a bila pozice byla velmi oslabena na cernych polich, Karpov jiz 
bojuje tady o remizu. } 40. g3 ( 40. Ng3? Rg5 41. Nf5 Rh5+ 42. Kg1 Rxf5! (
42. ... Ng4! â†’ 43. Rc1? Bc5+ 44. Kf1 Rh1# ) 43. exf5 Qa7+ 44. Kh1 Qxa2 
-/+ ) ( 40. Re3 Rh5+ 41. Rh3 Rxh3+ 42. gxh3 Qe8 -/+ ) 40. ... Qe8! {Cerny 
zlepsuje pozici figur a vytvari utoky na d. Co je dulezite je tlak na pole
e4 dela tezsi pro bileho zacit jakekoli dalsi operace. } 41. Rde1 Bb7 {S 
moznosti ... Bc8} 42. Kg1 Nh7! 43. Nc1 Ng5 44. Nd2 Bb4 D 45. Kf2 ( 45. Qd3
Bxd2 46. Rxd2 Bxd5 -+ ) ( 45. Kg2 Qd7! -+ ( 45. ... f5?! 46. Nd3 Bxd2 47. 
Qxd2 Rxe4 48. Nf4 ) 46. Nd3 Qh3+ 47. Kf2 Bxd2 48. Qxd2 ( 48. Nxe5 Qh2+ 49.
 Kf1 Qh1+ 50. Kf2 Nh3# ) 48. ... Qh2+ 49. Ke3 Rxe4# ) 45. ... Bxd2 ( 
45. ... Qe7! 46. Nd3 Qf6+ 47. Kg2 Bxd2 48. Nxe5 ( 48. Qxd2 Qf3+ 49. Kh2 
Nxe4 -+ ) 48. ... Bxe1 49. Rxe1 Qxe5 -+ ) 46. Rxd2 ( 46. Qxd2 Nxe4+ 47. 
Rxe4 Rxe4 48. d6 Rxe1 49. Qxe1 Qc6 -+ ) 46. ... Nxe4+ 47. Rxe4 Rxe4 48. 
Ne2 ( 48. d6 Rc4 49. Qb1 ( 49. d7 Qxd7! -+ ) 49. ... Qc6 50. d7 Qg2+ 51. 
Ke1 Qxg3+ 52. Ke2 Bf3+ 53. Kf1 Bg2+ 54. Rxg2 Rf4+ 55. Ke2 ( 55. Kg1? Qe1+ 
56. Kh2 Rh4# ) 55. ... Qxg2+ -+ ) 48. ... Bc8 49. Nc3 Re1?! ( 49. ... Rc4 
{je lepsi } ) 50. Ne2? ( 50. Re2 Rxe2+ 51. Qxe2 Qxe2+ 52. Kxe2 Bd7 53. Ke3
Kf8 54. Kd4 h5 -/+ {Po ... g5 a ...h4 cerny ziska velmi nebezpecneho 
volneho pesce ktery stale slibuje velmi dobre sance na vyhru. Navzdory 
tomu toto by byla jeste nejlepsi prakticka sance pro bileho zachranit 
partii. } ) 50. ... Ra1 51. Rd4 Qd8 -/+ D {Cerny ma iniciativu a bily kral
je znacne horsi nez protejsek. Navic cerny ma pesce navic ale bily sazi na
volneho pesce d5. Muze jeste pokusi lovit v kalnych vodach a doufat na 
chybu soupere. } ( 51. ... Bh3 52. Re4 Qd7 53. Qc6 Qf5+ ( 53. ... Qa7+ 54.
 Nd4 ~ ) 54. Ke3 Qg5+ -+ ) 52. Qc6 Bd7 53. Qd6 Qe8 ( 53. ... Rf1+! 54. Ke3
Rf6 -+ ) 54. Qf4 Qc8! {/\Qc5,Bh3} 55. b4?! {Toto zbavuje bileho jezdce 
sance jit na c3 a branit zadni radu. Lepsi tah je } ( 55. Nc3 Bh3 56. Rd1 
-/+ ) 55. ... Bh3 56. Qe4 Bf5?! ( 56. ... Rf1+ -+ 57. Ke3 Qd8 ( 57. ... 
Bf5 58. Qg2 Qe8+ 59. Kd2 Ra1 -+ ) 58. Kd2 Bf5 59. Qe3 Qa8 -+ {Cerna pozice
muze byt vyhrana, ale presna hra je jeste nutna. } ) 57. Qe3 Qc2 58. g4! {
Karpov se brani zoufale. Exmistr sveta je znamy mimoradnou houzevnatosti. 
} 58. ... Bd7 59. Qe4 Qb3 60. Qd3 Qb2 61. Qe4 Ra8 62. Qe3 Ra2 63. d6?! ( 
63. Qe4!? ) 63. ... Ra8! 64. Re4 ( 64. g5!? ) 64. ... Bc6 65. Qd4 Qb1 66. 
Re7 Qh1! ( 66. ... Ra1! 67. Ke3 Ra3+ 68. Kd2 Ra2+ 69. Ke3 Qf1 -+ ) 67. Qf4
( 67. d7? Qh4+! -+ ) 67. ... Qg2+ 68. Ke1 Ra1+ 69. Kd2 Qd5+ 70. Qd4 ( 70. 
Nd4 f6 -+ ) 70. ... Ra2+ 71. Kc3 Qf3+?! ( 71. ... Ra3+! 72. Kd2 Qa2+ 73. 
Ke1 Qb1+ 74. Kd2 Ra2+ 75. Ke3 Qf1 -+ ) 72. Re3 Ra3+ ( 72. ... Qf1! ) 73. 
Kd2 Ra2+ 74. Ke1 ( 74. Kc3 Qf1 -+ ) 74. ... Qh1+ 75. Kf2 Qg2+ ( 75. ... 
Ra1 -+ ) 76. Ke1 Qh1+ ( 76. ... Bf3? 77. Re8+! Kh7 78. Qd3+ g6 79. d7 Bxe2
80. Rh8+! Kxh8 81. d8=Q+ Kh7 82. Qxg6+! Kxg6 83. Qg5+! Kh7 ( 83. ... Kxg5 
= ) 84. Qf5+ Kg8 85. Qg5+ = ) 77. Kf2 D Ra1! 78. Rc3 Qg2+ 79. Ke3 Qf3+ ( 
79. ... Qf3+ 80. Kd2 Ra2+ 81. Rc2 Rxc2+ 82. Kxc2 Qxe2+ -+ ) 0-1

[Event "Phillips&Drew"]
[Site "London ENG"]
[Date "1982.??.??"]
[Round "?"]
[White "Andersson, Ulf"]
[Black "Timman, Jan H"]
[Result "1-0"]
[WhiteElo "2635"]
[BlackElo "2605"]
[EventDate "1982.04.??"]
[PlyCount "71"]
[EventType "tourn"]
[EventRounds "13"]
[EventCountry "ENG"]
[EventCategory "14"]
[Source "ChessBase"]
[SourceDate "1999.07.01"]
[WhiteTeamCountry "GER"]
[BlackTeamCountry "GER"]

1. Nf3 Nf6 2. c4 c5 3. g3 d5 4. cxd5 Nxd5 5. Bg2 Nc6 6. d4 D {Toto je 
zahajeni, ktere si Andersson oblibil, jelikoz v hlavni variante 6....cxd4 
bily vymeni dÅ¯amy brzy a muze dosahnout minimalni vyhodu v koncovce. } 
6. ... Nb6 ( 6. ... Nf6 7. Qa4 Bd7 8. dxc5 e5 9. O-O Bxc5 10. Nc3 h6 11. 
Nd2 O-O 12. Nde4 Nxe4 13. Qxe4 += {vede k partii c.25 (Andersson - 
Portisch), coz jsme uz probirali pod hlavickou "Hra proti izolovanemu 
pesci"} ) ( 6. ... cxd4 7. Nxd4 Ndb4 8. Nxc6 Qxd1+ 9. Kxd1 Nxc6 10. Nc3 
Bd7 11. Be3 g6 12. Rc1 Bg7 13. f4 O-O 14. Ke1 e5 15. Kf2 = {bylo v partii 
Andersson-Leko, Ter Apel 1996 } ) 7. dxc5 Qxd1+ 8. Kxd1 Na4 9. Nc3 Nxc3+ (
9. ... Nxc5 10. Be3 e5 11. Kd2 Be6 12. Rhc1 Be7 13. Ke1 O-O 14. Ng5 Bxg5 
15. Bxg5 Nd7 16. Nb5 Rab8 17. b3 a5 18. Nd6 f6 19. Bd2 a4 20. bxa4 Ne7 21.
 Rc7 b6 22. Bb4 Rfd8 23. Rd1 Nf5 24. Nxf5 Bxf5 25. Be7 Rdc8 26. Rdxd7 Bxd7
27. Bd5+ {1-0 v Antunes-Nijboer, Wijk aan Zee 1996} ) 10. bxc3 D Bd7?! {
Timman by mel lepsi vyhlidky na vyrovnani v } ( 10. ... e5 11. Be3 Be6 12.
 Kc1 O-O-O 13. Nd2 Be7 14. Rd1 Kc7 15. f4 f6 16. Be4 Bd5 17. Kc2 Bxe4+ 18.
 Nxe4 f5 19. Nd2 e4 20. Nc4 += {Bu Xiangzhi - Magern Badals, Bled Olympiad
2002 } ) 11. Be3 += {Bily dosahl mirne prevahy v zahajeni, protoze ma 
docasne pesce navic a muze umistit vez na b- sloupec. } 11. ... Rc8? {
Bezmyslenkovy tah, protoze nyni bily ziska silnou hru po b-sloupci. 
Lepsitah je } ( 11. ... O-O-O ( 11. ... e5 {Tah zahrany proste je ztrata 
tempa. } ) ) 12. Rb1 Na5 13. Ne5! += {Toto hrozi 14. Nxd7 a potom 15.Rb5 s
vyhrou. } 13. ... Ba4+ 14. Kd2 e6 ( 14. ... Rd8+ 15. Kc1 Nc6 16. Nxc6 Bxc6
17. Bxc6+ bxc6 18. Rd1! +- ) 15. Rb4! {Tah je presvedcivejsi nez } ( 15. 
Bxb7 Rd8+ 16. Kc1 f6 17. Nf3 {ackoli bily by take ziskal vyhodu v teto 
variante. } ) 15. ... b5 ( 15. ... Rd8+ 16. Kc1 ) 16. Rhb1 {Zde bily 
planoval obet kvality na b5 nebo a4. } 16. ... f6 ( 16. ... a6 17. Rxa4 
bxa4 18. Rb6 Bxc5 19. Bxc5 Rxc5 20. Rb8+ Ke7 21. Rxh8 Rxe5 22. Kd3 h6 23. 
Ra8 +- D {s pescem navic a technicky vyhranou pozici. } ) 17. Rxb5! {Silna
obet kvality ktera vystavuje cerneho  vadny vyvin a nedostatek koordinace 
mezi figurami. Po vynucene vymene bily ziska pesc a a navic jeho pesec c 
se stane obrem. } 17. ... Bxb5 18. Rxb5 fxe5 19. Rxa5 Rc7 20. c6! +- D {
Poina - \Po ztrate pesce a a dalsim Bb6, cedrny je bezmocny proti postupu 
bilych pescu. } 20. ... Bd6 21. Bxa7 O-O 22. Bb6 Rcf7 23. a4 h5 ( 23. ... 
Bc7 24. Bxc7 Rxc7 25. Ke3 Kf7 26. Rxe5 Ra8 27. a5 Ke7 28. Kd4 Kd6 29. f4 
+- ) 24. Rb5 h4 25. Be4 h3 26. a5 Bb8 27. f3 Re7 28. Rb1! {Bily jiz 
uvolnuje b5 pro krale. Timman by mohl vzdat s cistym svedomim tady. } 
28. ... Kf7 29. Kd3 Bc7 30. Kc4 Rc8 31. Kc5 Bb8 32. Rd1 Bc7 33. Kb5 Rb8 
34. c4 Kf6 35. c5 Rc8 36. a6 1-0

[Event "Linares"]
[Site "4"]
[Date "1983.??.??"]
[Round "11"]
[White "Andersson, Ulf"]
[Black "Larsen, Bent"]
[Result "1-0"]
[WhiteElo "2635"]
[BlackElo "2555"]
[EventDate "1983.??.??"]
[Annotator "JvR"]
[PlyCount "67"]

1. Nf3 c5 2. c4 g6 3. d4 cxd4 4. Nxd4 Bg7 5. e4 Nc6 6. Be3 Nf6 7. Nc3 O-O 
8. Be2 d6 9. O-O D {Zde mame hlavni variantu Maroczyho vystavby. Larsen je
velky fanda obranneho systemu cerneho a vytvoril velmi pruznou aplikaci. 
Obvykly tah je nyni 9...Bd7. V teto partii Larsen se pokusi o originalni 
preskupeni jezdce f6 na c5 bez typicke vymeny jezdce na d4. } 9. ... a5?! 
{Toto spolehlive zajistuje pole c5 pro cerneho jezdce. } 10. f3 Nd7 11. 
Ndb5! {Bily brani uvolneni nabizene vymenou figur na d4 a soucasne prinasi
tlak aby strpel na opacnem damskem kridle. } 11. ... Nc5 12. Qd2 a4 13. 
Rfd1 Qa5 14. Rac1 Be6 15. Nd5 Qxd2 16. Rxd2 Bxd5? {S vymenou strelce za 
jezdce bily dostava ruce  na c-sloupce a dvojici strelcu. Bylo by lepsi 
prijmout politiku cekat a videt tahem 16...Ra5 } ( {Right is} 16. ... Ra5 
17. Rcd1 h6 ) 17. cxd5 Nb4 D {Andersson has a nice combination. Larsen na 
to pocital, ale podcenil nasledujici silnou obet kvality Anderssona. } 18.
 Rxc5! {Bily nyni ziskava velmi silnou dvojici strelcu a nebezpecneho 
volneho pesce na sloupci d, zatimco jakykoli aktivni plan cerneho je 
omezen. Zde ovsem bily nemohl pocitat vsechny varianty az do konce, ale 
jeho intuice  mu napovidala ze pozice byla pro neho vyhodna. } 18. ... 
dxc5 19. Bxc5 Nxa2 20. Bxe7 Rfc8 21. f4? ( {Correct is} 21. d6! Bh6 22. 
Rd1 Bf8 23. Bf6 Bg7 24. Bxg7 Kxg7 25. d7 Rd8 26. Bc4 Nb4 27. Nd6! Rxd7 28.
 Ne8+ Rxe8 29. Rxd7 +- ) 21. ... Bf8 ( {Lepsi pokus byl} 21. ... Nc1 22. 
Bd1 Nb3 23. Bxb3 axb3 24. d6 ) 22. d6 {Cerne veze nedelaji zadnou 
uzitecnou praci, zatimco bily volny pesec d pusoby cernemu problemy. } 
22. ... Nb4? D ( {The knight moves along the proper road in} 22. ... Nc1! 
23. Bd1 Nb3 24. Rd5 +/- Rc4! 25. Bh4 Nc5! 26. d7 Ne6! 27. d8=Q Nxd8 28. 
Bxd8 Rxe4 ) ( 22. ... Bxe7 23. dxe7 Kg7 24. Nd6 +- ) 23. Bh4! {Bily by mel
branit vymene na e7, proto 23.Bf6 je mene presne jelikoz po 23...Bg7 by 
nasledovalo a po 24.Bh4 cerny strelec by byl lepe umisten na g7 nez v 
pokracovani v partii. Po tahu v textu bily ma velmi silnou hrozbu tlaku 
dopredu na d7 s pescem. } 23. ... Rc1+ ( 23. ... Na6 24. d7 Bc5+ 25. Kf1 
Rd8 26. Bxd8 Rxd8 27. g3 +/- ) 24. Kf2 Nc6 25. Nc7! {Jezdec udelal 
povinost na b5 a bude preveden na silne centralni pole d5 s rozhodujicim 
efektem. Cerne veze jsou pouhymi divaky. } 25. ... a3 ( 25. ... Rc8 26. 
Nd5 +- ) 26. bxa3 Rxa3 27. e5 ( 27. d7?? Bc5+ 28. Rd4 Bxd4# ) 27. ... h6 (
27. ... Bh6 28. d7 Bxf4 29. d8=Q+ Nxd8 30. Rxd8+ Kg7 31. Bf6+ Kh6 32. Nd5 
Bg5 33. h4 Bxf6 34. Nxf6 +-- ) 28. Bf6 D {Toto brani moznemu ... g5} 
28. ... Bg7 29. Be7 Bf8 30. Nd5 Ra8 31. h4 Rc5 ( 31. ... Bxe7 32. dxe7 Kg7
33. Nc7 +-- ) ( 31. ... Rca1 32. Bb5 R1a2 33. Rxa2 Rxa2+ 34. Ke3 Rxg2? 35.
 Bxf8 Kxf8 36. Bxc6 Ra2 37. Bxb7 +-- ) 32. Nf6+ Kg7 33. Bxf8+ Rxf8 34. Nd7
{Spassky won the tournament before Karpov and Andersson.} 1-0